Momias / (Registro nro. 11559)

Detalles MARC
000 -LIDER
fixed length control field 00892nam a22002897a 4500
001 - NÚMERO DE CONTROL
Identificador de número de control 0011613
003 - IDENTIFICACDOR DE NÚMERO DE CONTROL
control field DO-SdBNP
005 - DATE AND TIME OF LATEST TRANSACTION
control field 20171109111345.0
007 - CAMPOS FIJOS DE DESCRIPCIÓN FÍSICA
fixed length control field 0011613
008 - ELEMENTOS DE LONGITUD FIJA
fixed length control field 161012b 2003 mx||||| |||| 00| 0 spa d
020 ## - ISBN
International Standard Book Number 9681913183
040 ## - FUENTE DE CATALOGACIÓN
Agencia que crea de manera original el registro BPMSU
Idioma de catalogación spa
Agencia que realiza la transcripción BPMSU
082 #4 - NÚMERO DE CLASIFICACIÓN DECIMAL DE DEWEY
Classification number 393.3
Item number M236m
100 1# - ASIENTO PRINCIPAL -- NOMBRE PERSONAL
Nombre personal Malam, John
240 31 - TITULO UNIFORME
Título uniforme Mummies
Idioma de una obra Español.
245 1# - MENCIÓN DE TITULO
Título Momias /
Mención de responsabilidad John Malam ; prólogo Joann Flecher ; traducción Mariana Cortina
260 ## - PUBLICACIÓN, DISTRIBUCIÓN, ETC. (PIE DE IMPRENTA)
Lugar de publicación, distribución, etc México ;
Nombre del editor, distribuidor, etc. Altea,
Fecha de publicación, distribución, etc 2003.
300 ## - DESCRIPCIÓN FÍSICA
Extensión 63 p. :
Otros detalles físicos il.,
Dimensiones 28 cm.
500 ## - NOTA GENERAL
Nota general Incluye: guía de internet, lugares que visitar y carreras universitarias relacionadas.
650 #4 - ENCABEZAMIENTO DE MATERIA--TEMÁTICO
Término temático o nombre geográfico como elemento de entrada MOMIAS
700 12 - ASIENTO SECUNDARIO -- NOMBRE PERSONAL
Nombre personal Fletcher, Joan,
Mención de responsabilidad pról.
700 12 - ASIENTO SECUNDARIO -- NOMBRE PERSONAL
Nombre personal Cortina, Mariana
910 ## - VALIDACIÓN
Validación Validado. Control de calidad MFF
942 ## - ADDED ENTRY ELEMENTS (KOHA)
Source of classification or shelving scheme Dewey Decimal Classification
Koha item type Libros
945 ## - INFORMACIÓN DE PROCESAMIENTO LOCAL
Información de procesamiento local Inventariado extranjero / 2017 VM
956 ## - LOCAL ELECTRONIC LOCATION AND ACCESS (OCLC)
Nombre de host BTAVÁREZ
Número de acceso 10
Información de compresión 20161012
Trayectoria 0011613
Existencias
Withdrawn status Lost status Source of classification or shelving scheme Damaged status Not for loan Collection code Home library Current library Date acquired Source of acquisition Total Checkouts Full call number Barcode Date last seen Price effective from Koha item type Copy number
    Dewey Decimal Classification     Colección General Biblioteca Pública Metropolitana Salomé Ureña Biblioteca Pública Metropolitana Salomé Ureña 10/12/2016 Santillana Ediciones Generales   393.3 M236m BPMSU16100157 10/12/2016 10/12/2016 Libros  
    Dewey Decimal Classification     Colección General Biblioteca Pública Metropolitana Salomé Ureña Biblioteca Pública Metropolitana Salomé Ureña 10/12/2016 Santillana Ediciones Generales   393.3 M236m BPMSU16100158 10/12/2016 10/12/2016 Libros e. 2
    Dewey Decimal Classification     Colección General Biblioteca Pública Metropolitana Salomé Ureña Biblioteca Pública Metropolitana Salomé Ureña 10/12/2016 Santillana Ediciones Generales   393.3 M236m BPMSU16100159 10/12/2016 10/12/2016 Libros e. 3